000 00469cam a2200145 i 4500
005 20251203213246.0
020 _a9789988249670
050 0 0 _aRA440.85
_b.Es9
100 1 _aEsena, Reuben K.,
245 1 0 _aUnderstanding conceptual framework :
_bguidelines for health care research /
_cReuben K. Esena, PhD.
260 _aLegon-Accra, Ghana
_bReuben Kwasi Esena,
_c2017
300 _ax, 87 pages :
_billustrations ;
_c25 cm
650 0 _aMedical care
_xResearch.
942 _cBK
999 _c8514
_d8514